| 000 | 00657nam a2200253 a 4500 | ||
|---|---|---|---|
| 003 | AR-BaBNM | ||
| 005 | 20251128203202.0 | ||
| 008 | 082120s2002 ||||||||||||||000 | spa|| | ||
| 040 | _cAR-BaBNM | ||
| 100 | 1 | _aGrandov, Oscar | |
| 245 | 0 | 0 |
_aLeonardo _bvariaciones sobre una leyenda |
| 260 |
_aBuenos Aires _bEdiciones Paulinas _c[s.f.] |
||
| 300 |
_a130 p. _bláms. |
||
| 490 | 0 |
_aHeroísmo _vv. 3 |
|
| 650 | 4 | _aLITERATURA ARGENTINA | |
| 650 | 4 | _aLIBROS PARA NIÑOS | |
| 650 | 4 | _aLITERATURA FOLKLORICA | |
| 650 | 4 | _aESCRITORES | |
| 653 | _aNARRATIVA | ||
| 653 | _aLITERATURA GAUCHESCA | ||
| 655 | _aLITERATURA | ||
| 942 | _cBK | ||
| 998 | _cMARTIN | ||
| 999 |
_c2289 _d2289 |
||